[Event "WA Premier"]
[Site "Redmond"]
[Date "2009.02.16"]
[Round "9"]
[White "Xing Kerry"]
[Black "Guo Alex"]
[Result "1/2-1/2"]
[WhiteElo "2027"]
[BlackElo "2071"]
[Annotator ""]
[Source ""]
[Remark ""]

1.d4 f5 2.g3 Nf6 3.Bg2 g6 4.Nf3 Bg7 5.O-O O-O 6.c4 d6 7.Nc3 Qe8
8.d5 a5 9.Nd4 Na6 10.e4 fxe4 11.Nxe4 Nxe4 12.Bxe4 Bh3 13.Re1
Qf7 14.Be3 Nc5 15.Bh1 e5 16.dxe6 Nxe6 17.Bd5 Rae8 18.Qd2 c6 19.Nxe6
Bxe6 20.Bxe6 Rxe6 21.Rad1 Re4 22.b3 Qf3 23.Qe2 Bc3 24.Qxf3 Rxf3
25.Rf1 Rf6 26.Rd3 Bb4 27.Rfd1 Rfe6 28.Kg2 Kf7 29.Rd4 Ke7 {%04d}
30.Rxe4 Rxe4 31.Kf3 Re5 32.Rd4 Rf5+ 33.Ke2 Kd7 34.a4 Rf7 35.Rd1
Ke6 36.h4 d5 37.cxd5+ cxd5 38.Rc1 Rd7 39.Kd3 Rf7 40.Rc8 {%30^001} 1/2-1/2

[Event "WA Premier"]
[Site "Redmond"]
[Date "2009.02.16"]
[Round "9"]
[White "Pupols Viktors"]
[Black "Kelley Dereque"]
[Result "1-0"]
[WhiteElo "2200"]
[BlackElo "2121"]
[Annotator ""]
[Source ""]
[Remark ""]

1.d4 Nf6 2.c4 g6 3.Nc3 Bg7 4.e4 d6 5.Nf3 O-O 6.h3 Na6 7.Bg5 e5
8.d5 Qe8 9.Be2 Nh5 10.Ng1 Nf4 11.g3 Nxe2 12.Qxe2 f5 13.f3 fxe4
14.fxe4 Qf7 15.Rh2 Nb4 16.O-O-O a5 17.Be3 Bd7 18.Rf2 Qe7 19.Rdf1
Bf6 20.Qd2 Na6 21.g4 Bh4 22.Rf3 Nc5 23.Kc2 Bf6 24.Nge2 Bg7 25.Nc1
Rxf3 26.Rxf3 Rf8 27.Qg2 b6 28.Nd3 Rxf3 29.Qxf3 Bf6 30.Nxc5 bxc5
31.Nb5 Bg5 32.Bxg5 Qxg5 33.Nxc7 Qf4 34.Qxf4 exf4 35.Nb5 h5 36.Nxd6
hxg4 37.hxg4 Bxg4 38.Kd2 Kf8 39.e5 Ke7 40.Ne4 Bf5 41.Nxc5 g5
42.d6+ 1-0

[Event "WA Premier"]
[Site "Redmond"]
[Date "2009.02.16"]
[Round "9"]
[White "Bartron Paul"]
[Black "MacGregor Michael"]
[Result "1/2-1/2"]
[WhiteElo "2131"]
[BlackElo "2131"]
[Annotator ""]
[Source ""]
[Remark ""]

1.e4 c5 2.Nf3 d6 3.d4 cxd4 4.Nxd4 Nf6 5.Nc3 g6 6.Be2 Bg7 7.Be3
O-O 8.O-O Nc6 9.h3 a6 10.Qd2 Nxd4 11.Bxd4 Be6 12.Bf3 Rc8 13.a4
Rc4 14.Ne2 Qc8 15.c3 Rc7 16.Rfb1 Nd7 17.Bxg7 Kxg7 18.Nd4 Ne5
19.Be2 Nc4 20.Nxe6+ Qxe6 21.Qd4+ Qe5 22.Qxe5+ Nxe5 23.Rd1 Rfc8
24.Rd4 Rc5 25.f4 Nc6 26.Rd3 Nd8 27.g3 a5 28.Kf2 Nc6 29.Rd2 Rc7
30.Rad1 f6 31.Rd5 Na7 32.Ke3 Nc8 33.Rxc5 Rxc5 34.Rd4 Nb6 35.Kd2
Rc7 36.Bb5 Kf8 37.b4 axb4 38.cxb4 Nc8 39.Rc4 Rxc4 40.Bxc4 Ke8
41.Be6 Kd8 42.Bxc8 Kxc8 43.Kc3 e6 44.Kc4 Kc7 45.Kb5 Kc8 46.g4
h6 47.a5 Kc7 48.a6 bxa6+ 49.Kxa6 d5 50.exd5 exd5 51.Kb5 Kd6 52.Ka4
d4 53.Kb3 Kd5 54.b5 Kc5 55.b6 Kxb6 56.Kc4 Kc6 57.Kxd4 Kd6 58.Ke4
Ke6 59.h4 Kd6 60.Kd4 Ke6 61.Ke4 Kd6 1/2-1/2

[Event "WA Premier"]
[Site "Redmond"]
[Date "2009.02.16"]
[Round "9"]
[White "Smith Allen"]
[Black "Lee Nathan"]
[Result "0-1"]
[WhiteElo "2025"]
[BlackElo "1810"]
[Annotator ""]
[Source ""]
[Remark ""]

1.e4 c5 2.Nc3 Nc6 3.g3 g6 4.Bg2 Bg7 5.f4 d6 6.Nf3 e6 7.O-O Nge7
8.d3 O-O 9.Ne2 Rb8 10.c3 d5 11.e5 Qc7 12.Be3 b6 13.Bf2 Ba6 14.Re1
Rfc8 15.g4 Qd7 16.Ng3 Nd8 17.Qd2 Rc7 18.g5 Bb7 19.h3 Nf5 20.Nh2
h5 21.gxh6 Nxh6 22.Ng4 Nc6 23.Nf1 Nxg4 24.hxg4 f5 25.exf6 Bxf6
26.g5 Bg7 27.Bh3 Re8 28.Re2 Qf7 29.Rae1 Rce7 30.Bg3 e5 31.fxe5
Nxe5 32.Nh2 d4 33.Bxe5 Bxe5 34.Ng4 dxc3 35.bxc3 Bg7 36.Rxe7 Rxe7
37.Rxe7 Qxe7 38.Qf2 Bxc3 39.Nh6+ Kg7 40.Kh2 Be5+ 0-1

[Event "xWA Invitational"]
[Site "Redmond"]
[Date "2009.02.07"]
[Round "1"]
[White "Kolde Sterling"]
[Black "Mathews Dan"]
[Result "0-1"]
[WhiteElo "1822"]
[BlackElo "1839"]
[Annotator ""]
[Source ""]
[Remark ""]

1.d4 e6 2.c4 d5 3.Nc3 Nf6 4.cxd5 exd5 5.Qc2 c6 6.Bg5 Be7 7.e3
O-O 8.Nf3 b5 9.Bd3 h6 10.h4 a5 11.O-O-O Na6 12.Qd2 b4 13.Na4
Ne4 14.Bxe7 Qxe7 15.Qc2 Bd7 16.Kb1 b3 17.axb3 Nb4 18.Qe2 Nxd3
19.Rxd3 Bf5 20.Ka2 Nxf2 21.Qxf2 Bxd3 22.Ne5 Bb5 23.Nc5 a4 24.b4
Ra7 25.g4 Qd6 26.h5 Bc4+ 27.Ka3 Re7 28.g5 Rfe8 29.Rh3 Rxe5 30.dxe5
Rxe5 31.gxh6 Qxh6 32.Kxa4 Re8 33.Ka3 Ra8+ 34.Na4 Qe6 35.b3 Qxh3
36.bxc4 dxc4 37.Qe2 Qe6 38.Qd2 Qe4 39.Kb2 Rxa4 40.h6 Qe5+ 41.Kb1
Qa1+ 42.Kc2 Ra2# 0-1

[Event "xWA Invitational"]
[Site "Redmond"]
[Date "2009.02.07"]
[Round "1"]
[White "Chang Eddie"]
[Black "Hosford Michael"]
[Result "1-0"]
[WhiteElo "1832"]
[BlackElo "1884"]
[Annotator ""]
[Source ""]
[Remark ""]

1.d4 Nf6 2.c4 e6 3.Nc3 d5 4.Bg5 Be7 5.e3 O-O 6.Nf3 c6 7.Rc1 Nbd7
8.cxd5 exd5 9.Bd3 Re8 10.O-O Ne4 11.Bf4 g5 12.Bg3 f5 13.Nxd5
Nxg3 14.Nxe7+ Qxe7 15.hxg3 Qf6 16.Qc2 Nf8 17.Ne5 Ng6 18.Bc4+
Kg7 19.f4 g4 20.b4 Be6 21.Bxe6 Rxe6 22.a4 Ne7 23.Kf2 Nd5 24.Qb3
Rd8 25.b5 cxb5 26.axb5 Qe7 27.Rc5 Nf6 28.Rfc1 Ne4+ 29.Ke1 Nxc5
30.Rxc5 h5 31.Qc2 Kf6 32.Rc7 Qb4+ 33.Kf2 Re7 34.Rc5 Kg7 35.Nd3
Qa3 36.Rxf5 Rdd7 37.Rg5+ Kh6 38.Ne5 Rd6 39.Rg6+ 1-0

[Event "xWA Invitational"]
[Site "Redmond"]
[Date "2009.02.07"]
[Round "1"]
[White "Kalina Chris"]
[Black "Wang Michael"]
[Result "0-1"]
[WhiteElo "1945"]
[BlackElo "1932"]
[Annotator ""]
[Source ""]
[Remark ""]

1.d4 d5 2.c4 c6 3.Nc3 Nf6 4.Bg5 e6 5.Nf3 Nbd7 6.e3 Qa5 7.Bxf6
Nxf6 8.Nd2 Bb4 9.Qc2 Ne4 10.Ndxe4 dxe4 11.Be2 O-O 12.O-O f5 13.f3
exf3 14.Bxf3 e5 15.a3 Bd6 16.b4 Qd8 17.c5 Bc7 18.d5 e4 19.d6
Bxd6 20.Bxe4 Be5 21.Bf3 Qg5 22.Rae1 Rf6 23.g3 Be6 24.Qc1 h5 25.Ne2
h4 26.Kf2 Qh6 27.Nf4 g5 28.Ne2 hxg3+ 29.hxg3 Qh2+ 30.Bg2 Bd5
31.Rg1 f4 32.gxf4 gxf4 33.e4 f3 34.Qg5+ Kf7 35.exd5 fxg2+ 36.Ke3
Re8 37.Kd2 Rg8 38.Qe3 cxd5 39.Kc2 Qh7+ 40.Kb3 Qe4 41.Qxe4 dxe4
42.Kc4 Bh2 43.Kd4 Bxg1+ 44.Rxg1 Rf1 45.Kxe4 Re8+ 0-1

[Event "xWA Invitational"]
[Site "Redmond"]
[Date "2009.02.07"]
[Round "1"]
[White "Polich Duane"]
[Black "Prentice Greg"]
[Result "0-1"]
[WhiteElo "1913"]
[BlackElo "1799"]
[Annotator ""]
[Source ""]
[Remark ""]

1.c4 c5 2.Nc3 Nf6 3.g3 Nc6 4.Bg2 g6 5.d3 Bg7 6.Bd2 d6 7.a3 Bd7
8.Nf3 Rb8 9.Rb1 a5 10.Nb5 O-O 11.O-O d5 12.Bf4 Rc8 13.Qc1 b6
14.Re1 dxc4 15.dxc4 Nh5 16.Rd1 Nxf4 17.Qxf4 e5 18.Qd2 Be6 19.Qe1
Qe7 20.Nd2 f5 21.Nf1 Nd4 22.Ne3 Nxb5 23.Nd5 Qa7 24.cxb5 e4 25.e3
Rfd8 26.Nf4 Bb3 27.Rxd8+ Rxd8 28.Bf1 Qd7 29.Qc1 Qf7 30.Be2 Be5
31.h4 Bxf4 32.exf4 Qd5 33.Qc3 Qe6 34.Rc1 Rd4 35.Kg2 Qd5 36.h5
Rd2 37.hxg6 Rxe2 38.gxh7+ Kxh7 39.Rh1+ Kg6 40.Rh6+ Kxh6 41.Qf6+
Kh7 42.Qh4+ Kg7 43.Qg5+ Kf8 44.Qh6+ Ke7 45.Qg7+ Kd8 46.Qf8+ Kc7
47.Qe7+ Qd7 48.Qe5+ Kb7 49.Kh3 Rxf2 50.Kh4 Qd8+ 51.Kh5 Bf7+ 52.Kh6
Rh2+ 53.Kg7 Rh7+ 54.Kxh7 Qg8+ 0-1

[Event "xWA Invitational"]
[Site "Redmond"]
[Date "2009.02.07"]
[Round "1"]
[White "Watts Peter"]
[Black "Pazderic Nick"]
[Result "1-0"]
[WhiteElo "1935"]
[BlackElo "1856"]
[Annotator ""]
[Source ""]
[Remark ""]

1.c4 e6 2.e4 d5 3.exd5 exd5 4.d4 Nf6 5.Bg5 Be7 6.Nc3 c6 7.Nf3
O-O 8.Bxf6 Bxf6 9.cxd5 Re8+ 10.Be2 cxd5 11.Qb3 Nc6 12.Qxd5 Qb6
13.O-O-O Be6 14.Qb5 Nxd4 15.Nxd4 Bxd4 16.Qxb6 Bxb6 17.Rhf1 Rad8
18.Rxd8 Rxd8 19.Bf3 Rd7 20.Rd1 Rxd1+ 21.Kxd1 Bc8 22.Ke2 a6 23.Nd5
Bd8 24.Kd3 Kf8 25.Kd4 Be6 26.Kc5 b6+ 27.Nxb6 Be7+ 28.Kc6 Bxa2
29.Bd5 Bb1 30.Nd7+ Ke8 31.Nb8 Bd3 32.Kb7 a5 33.Nc6 Bc5 34.Bxf7+
Kf8 35.Bd5 a4 36.Ne5 Bb5 37.Bc6 Bxc6+ 38.Kxc6 a3 39.bxa3 Bxa3
40.Kd7 Bb2 41.f4 Bc3 42.Ke6 Bd2 43.f5 Bc3 44.g4 Bd2 45.Nf3 Bc3
46.g5 Bb2 47.f6 gxf6 48.gxf6 Bc1 49.Ne5 Ba3 50.h4 h6 51.Ng4 Bc1
52.h5 Bd2 53.Ne5 Bb4 54.Kf5 Bc3 55.Ng4 Bd2 56.Kg6 Bc1 57.Nxh6
Ba3 58.Nf7 Bc1 59.h6 1-0

[Event "xWA Invitational"]
[Site "Redmond"]
[Date "2009.02.07"]
[Round "2"]
[White "Mathews Dan"]
[Black "Chang Eddie"]
[Result "1-0"]
[WhiteElo "1839"]
[BlackElo "1832"]
[Annotator ""]
[Source ""]
[Remark ""]

1.Nf3 c5 2.d4 cxd4 3.Nxd4 e5 4.Nb3 d5 5.e3 Nc6 6.a3 Nf6 7.c4
d4 8.exd4 exd4 9.Bd3 Be7 10.O-O O-O 11.h3 Be6 12.Bf4 Bd6 13.Bxd6
Qxd6 14.N1d2 Ne5 15.Qc2 Rac8 16.Rac1 Qd7 17.f4 Nxd3 18.Qxd3 Bf5
19.Qxd4 Qc6 20.Nf3 Rcd8 21.Qc5 Qe6 22.Ng5 Qc8 23.Qxc8 Rxc8 24.Rfd1
Rfe8 25.Nd4 Be4 26.b4 h6 27.Nxe4 Rxe4 28.c5 Rxf4 29.b5 Ne4 30.c6
bxc6 31.bxc6 Ng3 32.Rc2 Rc7 33.Nb5 1-0

[Event "xWA Invitational"]
[Site "Redmond"]
[Date "2009.02.07"]
[Round "2"]
[White "Wang Michael"]
[Black "Pazderic Nick"]
[Result "0-1"]
[WhiteElo "1932"]
[BlackElo "1856"]
[Annotator ""]
[Source ""]
[Remark ""]

1.c4 e6 2.Nc3 d5 3.d4 Nf6 4.cxd5 exd5 5.Nf3 Be7 6.Bf4 O-O 7.Nb5
Na6 8.a3 c5 9.e3 c4 10.Qc2 Qa5+ 11.Nc3 b5 12.Ne5 Bb7 13.Qc1 Ne4
14.f3 Nxc3 15.bxc3 f6 16.Ng4 h5 17.Nf2 g5 18.Bg3 h4 19.Ng4 hxg3
20.hxg3 Kg7 21.Nh6 Bc8 22.g4 Rh8 23.Nf5+ Bxf5 24.Rxh8 Rxh8 25.gxf5
Rh1 26.Kf2 Qc7 27.f4 Qc8 28.g4 Qh8 29.Kf3 Rg1 30.Qe1 Qh1+ 31.Ke2
gxf4 32.exf4 Bd6 33.Kf2 Qh2+ 34.Kf3 Qxf4+ 35.Ke2 Qxg4+ 36.Kd2
Bf4+ 37.Kc2 Qxf5+ 38.Kb2 Qe4 39.Qf2 Qe3 40.Qc2 Qd2 41.Bd3 Qxc2+
42.Bxc2 Rxa1 43.Kxa1 Nc7 44.a4 Bd2 0-1

[Event "xWA Invitational"]
[Site "Redmond"]
[Date "2009.02.07"]
[Round "2"]
[White "Kalina Chris"]
[Black "Polich Duane"]
[Result "0-1"]
[WhiteElo "1945"]
[BlackElo "1913"]
[Annotator ""]
[Source ""]
[Remark ""]

1.d4 g6 2.c4 d6 3.Nf3 Bg7 4.Nc3 c6 5.b3 Qc7 6.Bb2 Nd7 7.e4 e5
8.Be2 Ngf6 9.O-O Nh5 10.Re1 O-O 11.Bf1 a6 12.g3 b5 13.Rc1 b4
14.Ne2 c5 15.dxe5 dxe5 16.Qd2 Bb7 17.Qe3 Rad8 18.Rcd1 Nb8 19.Bg2
Qe7 20.Nc1 Nc6 21.Nd3 Nd4 22.Nxd4 cxd4 23.Qd2 a5 24.Ra1 Qc7 25.a3
bxa3 26.Rxa3 Ra8 27.Rea1 Qb6 28.Nc1 f5 29.exf5 Bxg2 30.Kxg2 Rxf5
31.Rxa5 Raf8 32.f4 Qc6+ 33.Kg1 Nxf4 34.gxf4 Rxf4 35.Qg2 Qxg2+
36.Kxg2 Rf2+ 37.Kg1 Rf1+ 38.Kg2 R8f2+ 39.Kg3 Rxb2 0-1

[Event "xWA Invitational"]
[Site "Redmond"]
[Date "2009.02.07"]
[Round "2"]
[White "Hosford Michael"]
[Black "Watts Peter"]
[Result "0-1"]
[WhiteElo "1884"]
[BlackElo "1935"]
[Annotator ""]
[Source ""]
[Remark ""]

1.e4 d6 2.d4 Nd7 3.f4 e5 4.Nf3 exd4 5.Qxd4 Ngf6 6.Nc3 c6 7.Be3
d5 8.Qd3 Nc5 9.Bxc5 Bxc5 10.Ne5 Qe7 11.O-O-O dxe4 12.Qe2 O-O
13.Nxe4 Nxe4 14.Qxe4 Be6 15.Bd3 g6 16.Bc4 Bd6 17.Rhe1 Bf5 18.Qf3
Bxe5 19.Rxe5 Qh4 20.g3 Qg4 21.Qe3 Qh3 22.Qf2 Rad8 23.Rde1 Rd7
24.Bf1 Qh6 25.h4 Be6 26.Kb1 b6 27.Bd3 Rfd8 28.b3 Rd5 29.Qe3 Qg7
30.Bc4 Rd1+ 31.Rxd1 Rxd1+ 32.Kb2 Bxc4 33.bxc4 h6 34.c3 Rd7 35.Re8+
Kh7 36.g4 Qf6 37.g5 Qd6 38.Re5 Qd2+ 39.Qxd2 Rxd2+ 40.Kb3 Rh2
41.Re7 Kg8 42.gxh6 Rxh4 43.Re8+ Kh7 44.f5 gxf5 45.Re7 Kg6 46.Rxa7
f4 47.Rd7 f3 48.Rd1 Kxh6 49.Rf1 Rf4 50.Kc2 c5 51.Kd3 f2 52.Ke3
Kg5 0-1

[Event "xWA Invitational"]
[Site "Redmond"]
[Date "2009.02.12"]
[Round "2"]
[White "Prentice Greg"]
[Black "Kolde Sterling"]
[Result "0-1"]
[WhiteElo "1799"]
[BlackElo "1884"]
[Annotator ""]
[Source ""]
[Remark ""]

1.f4 e5 2.d3 Nc6 3.Nf3 d6 4.e4 Bg4 5.Be2 Nf6 6.Be3 exf4 7.Bxf4
d5 8.e5 Nh5 9.Bg5 f6 10.exf6 Nxf6 11.O-O Bc5+ 12.Kh1 Qd7 13.a3
O-O 14.b4 Bd6 15.Nbd2 Rae8 16.Nb3 h6 17.Bh4 g5 18.Bf2 Nh5 19.b5
Nd8 20.Nbd4 Nf4 21.Re1 c5 22.bxc6 bxc6 23.Bg3 c5 24.Bxf4 Rxf4
25.Nb3 Bc7 26.Nxc5 Qd6 27.Ng1 Rf2 0-1

[Event "xWA Invitational"]
[Site "Redmond"]
[Date "2009.02.08"]
[Round "3"]
[White "Kolde Sterling"]
[Black "Kalina Chris"]
[Result "1-0"]
[WhiteElo "1822"]
[BlackElo "1945"]
[Annotator ""]
[Source ""]
[Remark ""]

1.d4 b6 2.e4 Bb7 3.Bd3 f5 4.exf5 Nf6 5.Nf3 d6 6.O-O Nbd7 7.c4
c5 8.d5 h6 9.Re1 Qc7 10.b3 O-O-O 11.Bb2 Re8 12.h3 g5 13.fxg6
Bg7 14.Nc3 Kb8 15.Ne2 e5 16.Ng3 Rhg8 17.Qc2 Ref8 18.Bf5 Bc8 19.Be6
Rh8 20.Nf5 Ne8 21.Nxg7 Nxg7 22.Bxd7 Bxd7 23.Nxe5 Bf5 24.Qd2 Kb7
25.Nc6 Re8 26.Rxe8 Rxe8 27.Qxh6 Ne6 28.Qh7 Qxh7 29.gxh7 Bxh7
30.Re1 Bg6 31.Bf6 a6 32.Nd8+ 1-0

[Event "xWA Invitational"]
[Site "Redmond"]
[Date "2009.02.08"]
[Round "3"]
[White "Polich Duane"]
[Black "Wang Michael"]
[Result "0-1"]
[WhiteElo "1913"]
[BlackElo "1932"]
[Annotator ""]
[Source ""]
[Remark ""]

1.b3 d5 2.e3 c5 3.Bb2 Nc6 4.f4 Nf6 5.Nf3 g6 6.Be2 Bg7 7.O-O O-O
8.Ne5 Ne8 9.d4 Nxe5 10.fxe5 f6 11.c4 Be6 12.Nc3 fxe5 13.Nxd5
Rxf1+ 14.Kxf1 Bxd5 15.cxd5 exd4 16.exd4 Qd6 17.dxc5 Qf4+ 18.Bf3
Bxb2 19.Rb1 Bd4 20.Rc1 Qe3 21.Qc2 Rc8 22.b4 Nd6 23.Re1 Nc4 24.Rd1
Qg1+ 25.Ke2 Qf2+ 26.Kd3 Ne5+ 0-1

[Event "xWA Invitational"]
[Site "Redmond"]
[Date "2009.02.08"]
[Round "3"]
[White "Chang Eddie"]
[Black "Prentice Greg"]
[Result "0-1"]
[WhiteElo "1832"]
[BlackElo "1799"]
[Annotator ""]
[Source ""]
[Remark ""]

1.Nc3 Nf6 2.e4 d6 3.d4 g6 4.f4 Bg7 5.Nf3 Bg4 6.Bc4 O-O 7.e5 Nfd7
8.O-O Nb6 9.Bb3 d5 10.h3 Bxf3 11.Qxf3 e6 12.Ne2 N8d7 13.g4 f6
14.Qg3 fxe5 15.fxe5 Qe7 16.Be3 c5 17.c3 Rxf1+ 18.Rxf1 Rf8 19.h4
Rxf1+ 20.Kxf1 Qf7+ 21.Qf4 Bf8 22.Ng3 cxd4 23.cxd4 Be7 24.h5 g5
25.Qxf7+ Kxf7 26.Ke1 h6 27.Bc2 Nf8 28.b3 Ba3 29.Kd2 Bb4+ 30.Kc1
Ba3+ 31.Kd1 Nbd7 32.Bd3 Nb8 33.Kc2 Nc6 34.Kd1 a6 35.Ne2 b5 36.Bb1
Be7 37.Kc1 Bd8 38.Kb2 Bb6 39.a3 Nxe5 0-1

[Event "xWA Invitational"]
[Site "Redmond"]
[Date "2009.02.08"]
[Round "3"]
[White "Watts Peter"]
[Black "Mathews Dan"]
[Result "1-0"]
[WhiteElo "1935"]
[BlackElo "1839"]
[Annotator ""]
[Source ""]
[Remark ""]

1.d4 e6 2.c4 Be7 3.e4 d5 4.exd5 exd5 5.Nc3 Nf6 6.cxd5 Nxd5 7.Qf3
Nxc3 8.bxc3 O-O 9.Bc4 Bf6 10.Ne2 Nc6 11.O-O Ne7 12.Ba3 c6 13.Rfe1
Re8 14.Nf4 Nf5 15.Nh5 Be6 16.Rxe6 Rxe6 17.Qxf5 g6 18.Nxf6+ Rxf6
19.Qe5 Rf5 20.Qe7 Qxe7 21.Bxe7 Re8 22.Bd6 b5 23.Bd3 Rd5 24.Bc5
a6 25.Kf1 f5 26.c4 Rd7 27.cxb5 axb5 28.a4 Ra8 29.a5 Ra6 30.Bb6
Rb7 31.Rc1 Rbxb6 32.axb6 Rxb6 33.Rb1 Kf7 34.d5 cxd5 35.Rxb5 Rd6
36.Rb7+ Kf6 37.Rxh7 Ke5 38.Rc7 Kd4 39.Ke2 Rb6 40.Kd2 Rb2+ 41.Bc2
Rb6 42.h4 Ke5 43.h5 gxh5 44.Rf7 Rh6 45.Rxf5+ Ke6 46.Rg5 Rh8 47.Bb3
h4 48.Rxd5 Kf6 49.Rd6+ Kg5 50.Be6 Rf8 51.Ke3 Re8 52.f4+ Kf6 53.f5
Rh8 54.Kf4 h3 55.g4 Ke7 56.Rd7+ Ke8 57.Rc7 Rh6 58.g5 Rh4+ 59.Kg3
h2 60.f6 Rh3+ 61.Kg4 Rh4+ 62.Kf5 Rf4+ 63.Kxf4 1-0

[Event "xWA Invitational"]
[Site "Redmond"]
[Date "2009.02.08"]
[Round "4"]
[White "Kalina Chris"]
[Black "Chang Eddie"]
[Result "1/2-1/2"]
[WhiteElo "1945"]
[BlackElo "1832"]
[Annotator ""]
[Source ""]
[Remark ""]

1.d4 d5 2.Nf3 Nf6 3.Bf4 c5 4.c3 Nc6 5.h3 Qb6 6.Qb3 cxd4 7.Qxb6
axb6 8.cxd4 Bf5 9.e3 Bxb1 10.Rxb1 Rxa2 11.Bb5 e6 12.O-O Be7 13.Ne5 1/2-1/2

[Event "xWA Invitational"]
[Site "Redmond"]
[Date "2009.02.08"]
[Round "4"]
[White "Polich Duane"]
[Black "Kolde Sterling"]
[Result "0-1"]
[WhiteElo "1913"]
[BlackElo "1822"]
[Annotator ""]
[Source ""]
[Remark ""]

1.b3 e5 2.e3 d6 3.Bb2 Nc6 4.d4 exd4 5.exd4 d5 6.Nf3 Bg4 7.Be2
Bxf3 8.Bxf3 Qe7+ 9.Qe2 O-O-O 10.O-O Qxe2 11.Bxe2 Nf6 12.Nd2 Bd6
13.c3 Rhe8 14.Bb5 a6 15.Bd3 g6 16.b4 Nb8 17.a4 b6 18.Nb3 Kb7
19.a5 b5 20.Nc5+ Bxc5 21.bxc5 c6 22.Bc1 Re6 23.f3 Rde8 24.Kf2
Nbd7 25.Bf4 Kc8 26.g4 h5 27.g5 Ng8 28.Rae1 Rxe1 29.Rxe1 Rxe1
30.Kxe1 Nf8 31.Bd6 Ne6 32.h4 Kd8 33.Kf2 Ne7 34.Bxe7+ Kxe7 35.Ke3
Nd8 36.f4 f5 37.Kd2 Nb7 38.Kc2 Nd8 39.Kd2 Ne6 40.Ke3 Nd8 41.Kd2
Nb7 42.Ke2 Nxa5 43.Kd2 Nb7 44.Bc2 a5 45.Bb3 Nd8 46.Kd3 Ne6 47.Ke3
Kd7 48.Bc2 Kc7 49.Bb3 Kb7 50.Bc2 Ka6 51.Bb3 a4 52.Ba2 Ka5 53.Bb1
b4 54.cxb4+ Kxb4 55.Bd3 a3 56.Ba6 a2 57.Bc8 a1Q 58.Bxe6 Qe1+ 0-1

[Event "xWA Invitational"]
[Site "Redmond"]
[Date "2009.02.08"]
[Round "4"]
[White "Prentice Greg"]
[Black "Watts Peter"]
[Result "0-1"]
[WhiteElo "1799"]
[BlackElo "1799"]
[Annotator ""]
[Source ""]
[Remark ""]

1.c4 e5 2.Nc3 Nf6 3.g3 Bb4 4.Bg2 O-O 5.d3 Re8 6.e4 Bxc3+ 7.bxc3
c6 8.Ne2 Na6 9.O-O d5 10.cxd5 cxd5 11.exd5 Nxd5 12.Rb1 Bg4 13.f3
Bf5 14.Rb5 Qd7 15.a4 Ndc7 16.Rxb7 Nc5 17.Rb4 N7a6 18.Rh4 Bxd3
19.Re1 Rab8 20.Bh3 f5 21.Nd4 exd4 22.Rxe8+ Qxe8 23.cxd4 Qxa4
24.Qd2 Nb3 25.Qxd3 Nxc1 26.Qxf5 Qd1+ 27.Bf1 h6 0-1

[Event "xWA Invitational"]
[Site "Redmond"]
[Date "2009.02.08"]
[Round "4"]
[White "Mathews Dan"]
[Black "Pazderic Nick"]
[Result "0-1"]
[WhiteElo "1839"]
[BlackElo "1856"]
[Annotator ""]
[Source ""]
[Remark ""]

1.Nf3 d5 2.d4 Bg4 3.Ne5 Bf5 4.e3 Nd7 5.Nxd7 Qxd7 6.Bd3 O-O-O
7.Nc3 e6 8.Bxf5 exf5 9.Qd3 Nf6 10.Bd2 Ne4 11.f3 Nxd2 12.Qxd2
c6 13.O-O-O Bb4 14.Qd3 Rde8 15.Rhe1 g5 16.a3 Bd6 17.g3 h5 18.e4
dxe4 19.fxe4 Qe6 20.e5 Be7 21.d5 cxd5 22.Nxd5 Bd8 23.Qc3+ Qc6
24.Qd4 Kb8 25.Rd3 h4 26.Rc3 Qd7 27.Rd1 Qe6 28.Nf6 Bxf6 29.exf6
hxg3 30.hxg3 Rc8 31.Kb1 Rxc3 32.Qxc3 Rc8 33.Qd4 a6 34.Qd7 Rc6
35.Qd8+ Qc8 36.Qxc8+ Kxc8 37.Re1 Rxf6 38.Re7 f4 39.gxf4 Rxf4
40.Kc1 g4 41.Kd2 f5 42.Ke3 Rf3+ 43.Kd4 Rf2 44.c4 Rxb2 45.Rf7
Rf2 46.c5 g3 47.Rf8+ Kd7 48.Rf7+ Ke6 49.Rxb7 g2 50.Rg7 f4 51.c6
Rc2 52.Ke4 Kf6 53.Rg8 Rxc6 54.Rxg2 Rc4+ 55.Kd5 Ra4 56.Rg8 Kf5
57.Rf8+ Kg4 58.Rg8+ Kf3 59.Rh8 Kf2 60.Rh4 Kg3 61.Rh8 f3 62.Rg8+
Rg4 63.Rf8 f2 64.Rxf2 Kxf2 65.Kc5 Ra4 66.Kd5 Rxa3 67.Kc4 a5 68.Kb5
Ke3 69.Kb6 Kd4 70.Kb5 Kd5 71.Kb6 Rb3+ 72.Kxa5 Kc5 73.Ka4 Rb8
74.Ka3 Kc4 75.Ka2 Kc3 76.Ka1 Kc2 0-1

[Event "xWA Invitational"]
[Site "Redmond"]
[Date "2009.02.08"]
[Round "4"]
[White "Wang Michael"]
[Black "Hosford Michael"]
[Result "0-1"]
[WhiteElo "1932"]
[BlackElo "1884"]
[Annotator ""]
[Source ""]
[Remark ""]

1.c4 e6 2.Nf3 Nf6 3.g3 d5 4.Bg2 Be7 5.O-O O-O 6.cxd5 exd5 7.d4
c6 8.Nc3 Nbd7 9.Bf4 Nh5 10.Bc1 Nhf6 11.Ne1 Re8 12.Kh1 Nf8 13.f3
c5 14.Be3 b6 15.Bg1 Bb7 16.e4 Ba6 17.Ne2 dxe4 18.fxe4 cxd4 19.Nd3
Bc5 20.Qb3 Ne6 21.e5 Ng4 22.h3 Ne3 23.Bxe3 dxe3 24.Nxc5 Nxc5
25.Qxe3 Rb8 26.Rad1 Qe7 27.Qf4 Bxe2 28.Bc6 Rec8 29.Bd5 Rf8 30.Rfe1
Bxd1 31.Rxd1 Ne6 32.Qf5 Rfd8 33.h4 Rxd5 34.Rxd5 Qb7 35.Qf3 Rd8
36.Rd3 Qxf3+ 37.Rxf3 Rd1+ 38.Kg2 Rd2+ 39.Rf2 Rxf2+ 40.Kxf2 Kf8
41.Ke3 Ke7 42.b4 Nc7 43.Kd4 Ke6 44.a4 a5 45.bxa5 bxa5 46.g4 Nd5
47.g5 Nb6 0-1

[Event "xWA Invitational"]
[Site "Redmond"]
[Date "2009.02.14"]
[Round "5"]
[White "Watts Peter"]
[Black "Kalina Chris"]
[Result "1-0"]
[WhiteElo "1935"]
[BlackElo "1945"]
[Annotator ""]
[Source ""]
[Remark ""]

1.d4 d5 2.c4 c6 3.Nc3 Nf6 4.Nf3 e6 5.Qc2 Nbd7 6.b3 Be7 7.Bb2
O-O 8.e3 b6 9.Bd3 Bb7 10.O-O Rc8 11.Rfe1 c5 12.Rad1 Qc7 13.e4
dxe4 14.Nxe4 Nxe4 15.Bxe4 Bxe4 16.Rxe4 Nf6 17.Rh4 g6 18.d5 exd5
19.cxd5 Nh5 20.d6 Bxd6 21.Rxh5 gxh5 22.Bf6 Be7 23.Ng5 1-0

[Event "xWA Invitational"]
[Site "Redmond"]
[Date "2009.02.14"]
[Round "5"]
[White "Chang Eddie"]
[Black "Polich Duane"]
[Result "1/2-1/2"]
[WhiteElo "1832"]
[BlackElo "1913"]
[Annotator ""]
[Source ""]
[Remark ""]

1.g3 c5 2.Bg2 d5 3.d3 Nc6 4.Nd2 Nf6 5.e4 Bg4 6.f3 Bh5 7.Nh3 dxe4
8.dxe4 e5 9.O-O Qd4+ 10.Nf2 Rd8 11.c3 Qd7 12.Qc2 Be7 13.Nc4 b5
14.Ne3 O-O 15.Nf5 a5 16.Be3 Qc7 17.Nxe7+ Qxe7 18.Rad1 c4 19.Rxd8
Nxd8 20.Rd1 Ne6 21.a4 b4 22.cxb4 Qxb4 23.Bd2 Qc5 24.Qc3 Nd4 25.Kf1
Nb3 26.Be3 Qc7 27.g4 Bg6 28.g5 Nd7 29.Bh3 Nb8 30.Rd5 f6 31.Be6+
Bf7 32.Bxf7+ Kxf7 33.gxf6 gxf6 34.Rb5 Rc8 35.Bb6 Qd7 36.Bxa5
Nd4 37.Rb4 Qe6 38.Rb7+ Kg6 39.Bb4 Qc6 40.Re7 Qxa4 41.Ba3 Nbc6
42.Rd7 Na7 43.Rb7 Nab5 44.Qb4 Qc2 45.Qe7 Qe2+ 46.Kg2 Qxf3+ 47.Kf1
Qe2+ 1/2-1/2

[Event "xWA Invitational"]
[Site "Redmond"]
[Date "2009.02.14"]
[Round "5"]
[White "Kolde Sterling"]
[Black "Wang Michael"]
[Result "1/2-1/2"]
[WhiteElo "1822"]
[BlackElo "1932"]
[Annotator ""]
[Source ""]
[Remark ""]

1.d4 d5 2.c4 c6 3.Nc3 Nf6 4.e3 e6 5.Nf3 Nbd7 6.Qc2 a6 7.b3 Bd6
8.Bb2 O-O 9.Be2 b5 10.O-O Re8 11.Rfd1 Bb7 12.Rac1 Rc8 13.Qb1
Qe7 14.Bd3 e5 15.dxe5 Nxe5 16.Nxe5 Qxe5 17.g3 Qh5 18.Be2 Ng4
19.Bxg4 Qxg4 20.cxd5 cxd5 21.Rd4 Qf3 22.Qd3 Be5 23.Ne2 Rxc1+
24.Nxc1 h5 25.Ne2 Bc8 26.Rh4 Bxb2 27.Rf4 Bg4 28.Rxf3 Bxf3 29.Nd4
Bxd4 30.Qxd4 Rc8 31.Qa1 Rc2 32.Qe1 g5 33.g4 hxg4 34.h3 gxh3 35.Kh2
g4 36.Kg3 Rxa2 37.Qc3 a5 38.Qc8+ Kg7 39.Qc3+ Kg8 40.Qc8+ Kg7
41.Qb8 b4 42.Qe5+ Kg8 43.Qg5+ Kf8 44.Qd8+ Kg7 45.Qg5+ 1/2-1/2

[Event "xWA Invitational"]
[Site "Redmond"]
[Date "2009.02.14"]
[Round "5"]
[White "Pazderic Nick"]
[Black "Prentice Greg"]
[Result "0-1"]
[WhiteElo "1856"]
[BlackElo "1799"]
[Annotator ""]
[Source ""]
[Remark ""]

1.e4 c5 2.Nf3 Nc6 3.d4 cxd4 4.Nxd4 Nf6 5.Nc3 e5 6.Ndb5 d6 7.Bg5
a6 8.Na3 b5 9.Nd5 Qa5+ 10.Bd2 Qd8 11.Bg5 Be7 12.Bxf6 Bxf6 13.c3
Be6 14.Nc2 O-O 15.a4 Rb8 16.axb5 axb5 17.Ra6 Qc8 18.Ncb4 Bxd5
19.exd5 Nxb4 20.Ra5 Na6 21.Bxb5 Nc5 22.c4 Bd8 23.Ra3 e4 24.O-O
f5 25.Rh3 g6 26.f3 Bf6 27.fxe4 Nxe4 28.g4 Qc5+ 29.Kg2 Bxb2 30.gxf5
Rxf5 31.Rxf5 gxf5 32.Rf3 Kh8 33.Qe2 Rg8+ 34.Rg3 Rxg3+ 35.hxg3
Qd4 36.Bd7 Qe5 37.Qe3 Bd4 38.Qf3 Ng5 39.Qd3 Qe4+ 40.Qxe4 fxe4
41.Kf1 Kg7 42.Ke2 Kf6 43.Bg4 Ke5 44.Kd2 Bf2 0-1

[Event "xWA Invitational"]
[Site "Redmond"]
[Date "2009.02.14"]
[Round "6"]
[White "Kalina Chris"]
[Black "Pazderic Nick"]
[Result "1/2-1/2"]
[WhiteElo "1945"]
[BlackElo "1856"]
[Annotator ""]
[Source ""]
[Remark ""]

1.e4 c5 2.c3 Nf6 3.Bd3 d5 4.e5 Ng4 5.Nf3 c4 6.Bc2 Nc6 7.Qe2 Qc7
8.Ba4 Bf5 9.Nd4 Bxb1 10.Bxc6+ bxc6 11.Rxb1 Nxe5 12.O-O Nd3 13.b3
Nxc1 14.Rfxc1 c5 15.Nb5 Qc6 16.bxc4 dxc4 17.Qxc4 a6 18.Nd4 Qc8
19.Nf3 e6 20.Ne5 Bd6 21.Qa4+ Ke7 22.Qh4+ f6 23.Nc4 Bc7 24.Re1
h5 25.Qe4 Ra7 26.Nb6 Bxb6 27.Rxb6 e5 28.Reb1 Rd8 29.Qg6 Qg4 30.Rxf6
Qxg6 31.Rxg6 Kf7 32.Rc6 1/2-1/2